000
00325nam a2200133Ia 4500
008
190723s9999 xx 000 0 und d
020
_a
978-81-265-5423-2
100
_a
Werwin Kreyszig
245
0
_a
Advanced Engineering Mathematics
250
_a
10th
260
_a
New Delhi
_b
Wiley
_c
2011
300
_a
1227.:p
942
_c
BK
999
_c
1688
_d
1688